| 000 | 00635cam a22001817a 4500 | ||
|---|---|---|---|
| 008 | 180718b1982 xxu||||| |||| 00| 0 eng d | ||
| 082 | _aT112 In8w | ||
| 100 | _aKravis, Irving B. | ||
| 245 |
_aWorld product and income: International comparisons of real gross product _cby Irving B. Kravis, Alan Heston and Robert Summers |
||
| 260 |
_aWashington, D.C. _bIBRD _c1982 |
||
| 300 | _a388p. Paper | ||
| 440 | _aWorld Nations Statistical office | ||
| 500 | _aRunning title: United Nations International comparison project, Phase-III | ||
| 650 | _aProduction | ||
| 650 | _aIncome | ||
| 700 | _aSummers, Robert | ||
| 700 | _aHeston, Alan | ||
| 999 |
_c225318 _d225318 |
||